Tvorba výučbových programov na ovládanie mobilného robota (Creating courseware for mobile robot controling)[CD-ROM] : Diplomová práca

Gespeichert in:
Bibliographische Detailangaben
1. Verfasser: Jarušek, Ľuboš (Verfasst von)
Weitere Verfasser: Kureková, Eva, 1953- (xxx), Ošmera, Pavel (Gegnerische Seite)
Format: Manuskript Buch
Veröffentlicht: Bratislava : STU v Bratislave SjF, 2008
Ausgabe:1.vyd.
Schlagworte:
Tags: Tag hinzufügen
Keine Tags, Fügen Sie das erste Tag hinzu!

MARC

LEADER 00000ntm a22000003a 4500
001 stu176712
005 20150617225608.8
008 081203s2008----xo----------------------d
040 |a STU  |b slo 
041 0
044 |a xo 
100 1 |a Jarušek, Ľuboš  |4 aut  |u J0020  |9 100  |U SjF Strojnícka fakulta  |T SjF Ústav automatizácie, merania a aplikovanej informatiky  |X 14491  |U J0020  |Y 802  |7 A000014491 
245 1 |a Tvorba výučbových programov na ovládanie mobilného robota (Creating courseware for mobile robot controling)[CD-ROM] :  |b Diplomová práca 
250 |a 1.vyd. 
260 |a Bratislava :  |b STU v Bratislave SjF,  |c 2008 
300 |a 72 s 
650 7 |a Hardvér  |2 stusub 
650 7 |a softvér  |2 stusub 
650 7 |a RCX  |2 stusub 
650 7 |a hardware  |2 estusub 
650 7 |a software  |2 estusub 
700 1 |a Kureková, Eva,  |d 1953-  |4 xxx  |u J0020  |U SjF Strojnícka fakulta  |T SjF Ústav automatizácie, merania a aplikovanej informatiky  |X 2392  |U J0020  |Y 802  |7 A000002392 
700 1 |a Ošmera, Pavel  |4 opn 
996 |b 284J035147  |c J*147/DP  |l JJSK  |s A  |a 24  |w stu176712_0001